000
00291nam a2200121Ia 4500
008
190216s9999||||xx |||||||||||||| ||und||
100
_a
Patricia Butler Editor
245
0
_a
Homage To The Great
260
_b
Orient Longman
_c
1974
300
_a
162p
650
_a
English Essay
942
_c
BK
999
_c
12591
_d
12591